Prospect of Electoral Reforms in Malaysia (Record no. 4960)

000 -LEADER
fixed length control field 00797nam a2200253 a 4500
005 - DATE AND TIME OF LATEST TRANSACTION
control field 20230125125208.0
008 - FIXED-LENGTH DATA ELEMENTS--GENERAL INFORMATION
fixed length control field 230125t2022 my ||||| |||| 00| 0 eng d
020 ## - INTERNATIONAL STANDARD BOOK NUMBER
International Standard Book Number 9789670031231
040 ## - CATALOGING SOURCE
Original cataloging agency AKMAL
082 ## - DEWEY DECIMAL CLASSIFICATION NUMBER
Classification number 324.609595 MOH
090 ## - LOCALLY ASSIGNED LC-TYPE CALL NUMBER (OCLC); LOCAL CALL NUMBER (RLIN)
Classification number (OCLC) (R) ; Classification number, CALL (RLIN) (NR) 324.609595
Local cutter number (OCLC) ; Book number/undivided call number, CALL (RLIN) MOH
100 ## - MAIN ENTRY--PERSONAL NAME
Personal name Mohd Azizuddin Mohd Sani
9 (RLIN) 9459
245 ## - TITLE STATEMENT
Title Prospect of Electoral Reforms in Malaysia
Statement of responsibility, etc. Mohd Azizuddin Mohd Sani
260 ## - PUBLICATION, DISTRIBUTION, ETC.
Place of publication, distribution, etc. Sintok :
Name of publisher, distributor, etc. Universiti Utara Malaysia,
Date of publication, distribution, etc. 2022
300 ## - PHYSICAL DESCRIPTION
Extent xiv, 164p. :
Other physical details ill. ;
Dimensions 23cm
500 00 - GENERAL NOTE
General note Includes index
504 ## - BIBLIOGRAPHY, ETC. NOTE
Bibliography, etc. note Bibliografi: ms. 137-154
599 ## - LOCAL NOTE
Local Note DALAM PROSES
650 ## - SUBJECT ADDED ENTRY--TOPICAL TERM
Topical term or geographic name entry element Elections
Geographic subdivision Malaysia
9 (RLIN) 9464
650 ## - SUBJECT ADDED ENTRY--TOPICAL TERM
Topical term or geographic name entry element Political culture
Geographic subdivision Malaysia
9 (RLIN) 9465
650 ## - SUBJECT ADDED ENTRY--TOPICAL TERM
Topical term or geographic name entry element Voting
Geographic subdivision Malaysia
9 (RLIN) 9466
650 ## - SUBJECT ADDED ENTRY--TOPICAL TERM
Topical term or geographic name entry element Government publications
Geographic subdivision Malaysia
9 (RLIN) 9467
942 ## - ADDED ENTRY ELEMENTS (KOHA)
Source of classification or shelving scheme
Koha item type Book
Holdings
Withdrawn status Lost status Source of classification or shelving scheme Damaged status Not for loan Collection code Home library Current library Shelving location Date acquired Inventory number Total Checkouts Full call number Barcode Date last seen Price effective from Koha item type
          NON-FICTION AKMAL Melaka AKMAL Melaka PINJAMAN 25.01.2023 000250   324.609595 MOH 201708173 25.01.2023 25.01.2023 Book
Pusat Sumber Maklumat Dato' Haji Sarmin Md Hussin, Akademi Kastam Diraja Malaysia, Melaka
Tel: 06-2331106 | Faks: 06-2313787